Every Song by the Rocket Summer - Statistics

General Stats
  • This quiz has been taken 4 times
    2 since last reset
  • The average score is 5 of 120
Answer Stats
Album Song % Correct
Do You Feel(2007) Do You Feel
100%
Of Men and Angels(2010) Of Men and Angels
100%
Of Men and Angels(2010) You Gotta Believe
100%
Hello, Good Friend(2005) Brat Pack
50%
Do You Feel(2007) Colors
50%
Non-Album(2024) Way Out
50%
Life Will Write the Words(2012) 200,000
0%
Sweet Shivers(2019) 5 4 3 2 1 Z
0%
Do You Feel(2007) All I Have
0%
SHADOWKASTERS(2023) Aloha, Hello
0%
Non-Album(2013) Anna
0%
Sweet Shivers(2019) Apartment 413
0%
Hello, Good Friend(2005) Around the Clock
0%
Life Will Write the Words(2012) Ashes Made of Spades
0%
Do You Feel(2007) A Song Is Not a Business Plan
0%
Sweet Shivers(2019) Blankets
0%
Do You Feel(2007) Break It Out
0%
Non-Album(2013) Christmas Madness
0%
Hello, Good Friend(Hidden)(2005) Christmas Present/Good News
0%
Life Will Write the Words(2012) Circa 46
0%
Bee Sides: Select Rarities 2015-2020(2020) Cobra
0%
Zoetic(2016) Cold War
0%
Calendar Days(2003) Cross My Heart
0%
Bee Sides: Select Rarities 2015-2020(2020) Cruising Canyons
0%
Hello, Good Friend(2005) Destiny
0%
SHADOWKASTERS(2023) Disco in Circles
0%
Sweet Shivers(2019) Slomo
0%
Non-Album(2024) Don't Be Yourself
0%
SHADOWKASTERS(2023) Do You See Dreamscapes in Your Dreams Before the Dreams Escape When the Sun Beams
0%
Zoetic(2016) Emergency Landings
0%
Of Men and Angels: B-Sides(2010) Every If and Every Why
0%
SHADOWKASTERS(2023) Eyes 2 Skies
0%
Zoetic(2016) FL, CA
0%
Sweet Shivers(2019) Gardens
0%
Zoetic(2016) Get Over It
0%
Non-Album(2017) Gone Too Long
0%
Hello, Good Friend(2005) Goodbye Waves and Driveways
0%
Zoetic(2016) Help Me Out
0%
Of Men and Angels(2010) Hey!
0%
Do You Feel(2007) High Life Scenery
0%
Of Men and Angels(2010) Hills and Valleys
0%
Do You Feel(2007) Hold It Up
0%
SHADOWKASTERS(2023) Hope Is a Treacherous Drug I’m Getting High Though
0%
Of Men and Angels: B-Sides(2010) How Many Times
0%
Do You Feel(Bonus)(2007) I Just Don't Think I'll Ever Get Over You
0%
Hello, Good Friend(2005) I'm Doing Everything (For You)
0%
Of Men and Angels(2010) I Need a Break…But I'd Rather Have a Breakthrough
0%
SHADOWKASTERS(2023) I Say, I Say
0%
Of Men and Angels(2010) I Want Something to Live For
0%
Hello, Good Friend(2005) I Was So Alone
0%
Of Men and Angels(2010) Japanese Exchange Student
0%
Life Will Write the Words(2012) Just for a Moment Forget Who You Are
0%
Sweet Shivers(2019) Keep Going
0%
Bee Sides: Select Rarities 2015-2020(2020) Leave You
0%
Of Men and Angels(2010) Let You Go
0%
Of Men and Angels(2010) Light
0%
SHADOWKASTERS(2023) M4U
0%
Sweet Shivers(2019) m & m
0%
Calendar Days(2003) Mean Thoughts and Cheap Shots
0%
Sweet Shivers(2019) Morning Light
0%
Hello, Good Friend(2005) Move to the Other Side of the Block
0%
Calendar Days(2003) Movie Stars and Super Models
0%
Hello, Good Friend(2005) Never Knew
0%
Of Men and Angels(2010) Nothing Matters
0%
Non-Album(2013) Not Right
0%
SHADOWKASTERS(2023) Off the Hinge
0%
Life Will Write the Words(2012) Old Love
0%
Bee Sides: Select Rarities 2015-2020(2020) Over Not Slower
0%
Of Men and Angels: B-Sides(2010) Peace Come Over You
0%
Sweet Shivers(2019) Peace Signs
0%
Life Will Write the Words(2012) Prove It
0%
Bee Sides: Select Rarities 2015-2020(2020) Puget at the Sunset
0%
Of Men and Angels(2010) Pull Myself Together (Don't Hate Me)
0%
Bee Sides: Select Rarities 2015-2020(2020) Relentless
0%
Life Will Write the Words(2012) Revival
0%
Of Men and Angels(2010) Roses
0%
Zoetic(2016) Rule of Thirds Kind of Life
0%
Life Will Write the Words(2012) Run and Don't Stop
0%
Do You Feel(2007) Run to You
0%
Zoetic(2016) Same Air
0%
Calendar Days(2003) Saturday
0%
Do You Feel(2007) Save
0%
Of Men and Angels: B-Sides(2010) Say
0%
Life Will Write the Words(2012) Scrapbook
0%
Zoetic(2016) Sharks
0%
Sweet Shivers(2019) Shatter Us
0%
Calendar Days(Bonus)(2003) She's a Seven
0%
Calendar Days(2003) She's My Baby
0%
Hello, Good Friend(2005) Show Me Everything You've Got
0%
SHADOWKASTERS(2023) Sing at the Top
0%
Calendar Days(2003) Skies So Blue
0%
Do You Feel(2007) So, in This Hour...
0%
Life Will Write the Words(2012) Soldiers
0%
Do You Feel(2007) So Much Love
0%
Hello, Good Friend(2005) Story
0%
SHADOWKASTERS(2023) Stuck Inside Your Light
0%
Do You Feel(2007) Taken Aback
0%
Of Men and Angels(2010) Tara, I'm Terrible
0%
Hello, Good Friend(2005) Tell Me Something Good
0%
Calendar Days(2003) That's So You
0%
You Gotta Believe(2009) The Fight
0%
Life Will Write the Words(2012) The Rescuing Type
0%
Of Men and Angels(2010) This Is a Refuge
0%
Calendar Days(2003) This Is Me
0%
Bee Sides: Select Rarities 2015-2020(2020) This is Zoetic
0%
Sweet Shivers(2019) Together in TX
0%
Hello, Good Friend(2005) Treasures
0%
Calendar Days(2003) TV Family
0%
Life Will Write the Words(2012) Underrated
0%
Zoetic(2016) UNI
0%
SHADOWKASTERS(2023) Vanillanor Figby
0%
Do You Feel(2007) Waiting
0%
Of Men and Angels(2010) Walls
0%
Sweet Shivers(2019) Wannalife
0%
Calendar Days(2003) What We Hate, We Make
0%
Zoetic(2016) White Fireworks
0%
Sweet Shivers(2019) World's Greatest
0%
Zoetic(2016) You Are, You Are
0%
Bee Sides: Select Rarities 2015-2020(2020) Your Side I'm On
0%
Bee Sides: Select Rarities 2015-2020(2020) Zleepy
0%
No matching quizzes found
Score Distribution
Percent of People with Each Score
Percentile by Number Answered
Your Score History
You have not taken this quiz since the last reset